000 01019nam a2200277 i 4500
001 13131
003 KOSZ 005
005 20220712140321.0
008 071005s1968 pl a g 000 0 pol
015 _aPB 1968/10151
040 _aWA N
_cWA N
_dKOSZ 005/RW
041 1 _apol
_hfre
080 _a621.38
100 1 _aOehmichen, Jean Pierre
_d(1922- ).
_eAutor
245 1 0 _aElektronika... ależ to nic prostszego! /
_cJ. P. Oehmichen ; [tł. z fr. M. Rajewski].
246 1 _iTyt. oryg.:
_aL'électronique?... rien de plus simple!
260 _aWarszawa :
_bWydawnictwa Naukowo-Techniczne,
_c1968.
300 _a205, [2] s. :
_bil. ;
_c24 cm.
380 _aKsiążki.
655 4 _aWydawnictwa popularne
650 4 _aElektronika
710 2 _aWydawnictwa Naukowo-Techniczne
_4pbl.
700 1 _aRajewski, Marian
_c(nauki techniczne)
_eTłumaczenie
856 _uhttp://koha.tu.koszalin.pl/cgi-bin/koha/opac-detail.pl?biblionumber=13131
_yKatalog online BPK
942 _2UKD
_cKS
999 _c13131
_d13131